| 000 | 00766nam a2200241 a 4500 | ||
|---|---|---|---|
| 999 |
_c3286 _d3286 |
||
| 001 | 3286 | ||
| 003 | BD-JhCC | ||
| 005 | 20171112174532.0 | ||
| 008 | 171112s1985 bg |||| ||a| 000 0 ben d | ||
| 035 | _a(BD-JhCC)3286 | ||
| 040 |
_aBD-JhCC _dBD-JhCC |
||
| 041 | _aben | ||
| 082 |
_a539.731 _bRAS 1985 |
||
| 100 | _aরশীদ, এ, এম, হারুন অর | ||
| 245 |
_aমৌলিক কনা / _cএ, এম, হারুন অর রশীদ |
||
| 260 |
_aঢাকা : _bবাংলা একাডেমী, _c1985. |
||
| 300 |
_a118 p. : _c18 cm. |
||
| 490 | _aSeries in honour of the martyrs of the Language Movement of February 1952. | ||
| 650 | _aElementary Paricles | ||
| 650 | _aNuclear Physics | ||
| 942 |
_2ddc _cBK |
||